Online
Catalog

Los Halcones atacan : (Record no. 24277)

MARC details
000 -CABECERA
campo de control de longitud fija 01647nam a2200289 a 4500
001 - NÚMERO DE CONTROL
campo de control 000024784
003 - IDENTIFICADOR DEL NÚMERO DE CONTROL
campo de control OSt
005 - FECHA Y HORA DE LA ÚLTIMA TRANSACCIÓN
campo de control 20240305130443.0
008 - DATOS DE LONGITUD FIJA--INFORMACIÓN GENERAL
campo de control de longitud fija 110204s2002 dr 000 0 spa d
040 ## - FUENTE DE LA CATALOGACIÓN
Centro catalogador/agencia de origen DO-SdBNP
Lengua de catalogación spa
Centro/agencia transcriptor BNPHU
082 ## - NÚMERO DE LA CLASIFICACIÓN DECIMAL DEWEY
Número de clasificación 327.7308
Número de documento/Ítem I73h
Número de edición 22
100 1# - ENTRADA PRINCIPAL--NOMBRE DE PERSONA
Nombre de persona Isa Conde, Narciso,
Fechas asociadas al nombre 1942-
9 (RLIN) 12387
245 14 - MENCIÓN DE TÍTULO
Título Los Halcones atacan :
Resto del título estrategia E.U. en el siglo XXI y alternativa revolucionario /
Mención de responsabilidad, etc. Narciso Isa Conde.
260 ## - PUBLICACIÓN, DISTRIBUCIÓN, ETC.
Lugar de publicación, distribución, etc. Santo Domingo :
Nombre del editor, distribuidor, etc. Tropical
Fecha de publicación, distribución, etc. 2002.
300 ## - DESCRIPCIÓN FÍSICA
Extensión 220 p. ;
Dimensiones 24 cm.
500 ## - NOTA GENERAL
Nota general Incluye datos biográficos del autor en la contracubierta.
500 ## - NOTA GENERAL
Nota general Bibliografía : p. 214-220.
505 ## - NOTA DE CONTENIDO CON FORMATO
Nota de contenido con formato Crisis, reestructuración capitalista y estrategia de EE. UU. hacia América Latina y el Caribe -- El septiembre blanco, Las torres gemelas y la guerra continua -- Réplica al manifiesto guerrerista de Bush -- Los Halcones atacan -- La transformación revolucionaria : una contrapartida necesaria -- Otro mundo y otra América son posible -- Nuevos conceptos de seguridad y defensa nacionales : el caso dominicano -- De patrias y fronteras : dominicana, Haití, EE. UU y más allá -- Desigualdad y empobrecimiento.
590 ## - NOTA LOCAL (RLIN)
Nota local Inventariado, 2020/VM
650 ## - PUNTO DE ACCESO ADICIONAL DE MATERIA--TÉRMINO DE MATERIA
Término de materia o nombre geográfico como elemento de entrada Guerra contra el Terrorismo, 2001-2009
9 (RLIN) 77578
651 #4 - PUNTO DE ACCESO ADICIONAL DE MATERIA--NOMBRE GEOGRÁFICO
Nombre geográfico América Latina
Subdivisión general Relaciones internacionales
Subdivisión geográfica Estados Unidos.
9 (RLIN) 77579
651 #4 - PUNTO DE ACCESO ADICIONAL DE MATERIA--NOMBRE GEOGRÁFICO
Nombre geográfico Estados Unidos
Subdivisión general Relaciones internacionales
Subdivisión geográfica América Latina.
9 (RLIN) 77580
651 #4 - PUNTO DE ACCESO ADICIONAL DE MATERIA--NOMBRE GEOGRÁFICO
Nombre geográfico United States
Subdivisión general Relaciones internacionales
Subdivisión geográfica Latin America.
9 (RLIN) 77581
651 #4 - PUNTO DE ACCESO ADICIONAL DE MATERIA--NOMBRE GEOGRÁFICO
Nombre geográfico República Dominicana
Subdivisión general Relaciones Internacionales
Subdivisión geográfica Estados Unidos.
9 (RLIN) 77582
910 ## - DATOS DE OPCIÓN DEL USUARIO (OCLC)
Datos de opción del usuario VMateo
942 ## - ELEMENTOS DE PUNTO DE ACCESO ADICIONAL (KOHA)
Fuente del sistema de clasificación o colocación Dewey Decimal Classification
Tipo de ítem Koha Libro
Holdings
Estado de retiro Estado de pérdida Fuente del sistema de clasificación o colocación No para préstamo Código de colección Localización permanente Ubicación/localización actual Ubicación en estantería Fecha de adquisición Número de inventario Total de préstamos Signatura topográfica completa Código de barras Fecha visto por última vez Número de copia Precio válido a partir de Tipo de ítem Koha Restricciones de uso
    Dewey Decimal Classification   Dominicana de Servicio Biblioteca Nacional Pedro Henríquez Ureña General Depósito 25.02.2011   BNPHU DS 327.7308 I73h 24784-30 25.06.2020 e.3 25.06.2020 Libro y Folleto Colección Dominicana de Servicio  
    Dewey Decimal Classification   Dominicana de Servicio Biblioteca Nacional Pedro Henríquez Ureña General Depósito 25.02.2011   BNPHU DS 327.7308 I73h 2020-0702 11.12.2020 e.4 25.06.2020 Libro y Folleto Colección Dominicana de Servicio Préstamo en sala
    Dewey Decimal Classification Excluido de préstamo Patrimonio Dominicano Biblioteca Nacional Pedro Henríquez Ureña Patrimonio Dominicano Depósito 04.02.2011   BNPHU PD 327.7308 I73h 24784-10 25.06.2020   25.06.2020 Libro y Folleto Colección Patrimonio Dominicano Excluido de préstamo
    Dewey Decimal Classification Préstamo restrigido Patrimonio Dominicano Biblioteca Nacional Pedro Henríquez Ureña Patrimonio Dominicano Depósito 25.02.2011   BNPHU PD 327.7308 I73h 24784-20 25.06.2020 e. 2 25.06.2020 Libro y Folleto Colección Patrimonio Dominicano Excluido de préstamo

Powered by Koha